000 02157cam a22003374a 4500
999 _c20336
_d20336
001 14164228
005 20170119083825.0
008 051102s2006 enkag b 001 0 eng
010 _a 2005031824
020 _a0195306368 (cloth : alk. paper)
020 _a9780195306361 (cloth : alk. paper)
035 _a(OCoLC)ocm62281884
042 _apcc
050 0 0 _aN71 .A762 2006
245 0 4 _aThe artful mind :
_bcognitive science and the riddle of human creativity /
_cedited by Mark Turner.
260 _aOxford ;
_aNew York :
_bOxford University Press,
_c2006.
300 _axvi, 314 p. :
_bill., music ;
_c25 cm.
504 _aIncludes bibliographical references and index.
505 0 0 _tArt and cognitive evolution /
_rMerlin Donald --
_tThe aesthetic faculty /
_rTerrence Deacon --
_tA cognitive account of aesthetics /
_rFrancis Steen --
_tComposition and emotion /
_rDavid Freedberg --
_tThe art of compression /
_rMark Turner --
_tThe cognitive tango /
_rLawrence M. Zbikowski --
_tDynamics of completion /
_rShirley Brice Heath --
_tThe neuroscience of form in art /
_rGeorge Lakoff --
_tForm and meaning in art /
_rPer Aage Brandt --
_tSlippages of meaning and form /
_rStephen Murray --
_tMaking relics work /
_rRobert A. Scott --
_tArchitectural space as metaphor in the Greek sanctuary /
_rGloria Ferrari --
_tThe neurology of ambiguity /
_rSemir Zeki --
_tMastering ambiguity /
_rMarc De Mey.
650 0 _aArt
_xPsychology.
650 0 _aCognition.
650 0 _aCreative ability.
700 1 _aTurner, Mark,
_d1954-
856 4 1 _3Table of contents only
_uhttp://www.loc.gov/catdir/toc/ecip062/2005031824.html
856 4 2 _3Publisher description
_uhttp://www.loc.gov/catdir/enhancements/fy0640/2005031824-d.html
942 _2lcc
_cBOOKS
_hN71 .A762 2006